000 00649nam a2200217Ia 4500
001 14941
003 GE_BSU
008 181216s||||||||xx |||||||||||||| ||und||
040 _cGE_BSU
080 _a512.4
100 _aБорель,А.
245 _aЛинейные алгебраические группы
245 _cПод.ред.В.П.Платонова. Пер. с англ. А.Е.Залесского
260 _aМосква
260 _bМир
260 _c1972
300 _a269стр.22см.
300 _eУказатель стр.266
653 _aЛинейные алгебраические группы
942 _cBK
999 _c48061
_d48061